Modelovanie šírenia elektrickej aktivity v srdcovom tkanive

Guardado en:
Detalles Bibliográficos
Autor principal: Hausner, Michal (Autor)
Otros Autores: Cocherová, Elena (Orientador)
Formato: Manuscrito Libro
Lenguaje:eslovaco
Publicado: 2018
Materias:
Acceso en línea:http://is.stuba.sk/zp/portal_zp.pl?podrobnosti=117692
Etiquetas: Agregar Etiqueta
Sin Etiquetas, Sea el primero en etiquetar este registro!

MARC

LEADER 00000ntm a22000003a 4500
001 stuzp62475
003 SK-STU
005 20181008102100.5
007 ta
008 150427s2015----xo-----f-mn---000-0-slo-d
040 |a STU  |b slo 
041 0 |a slo 
044 |a xo 
100 1 |a Hausner, Michal  |u 033000  |4 aut  |U FEI Fakulta elektrotechniky a informatiky  |T FEI Ústav elektroniky a fotoniky  |X 72632  |U E030  |Y 549  |7 72632 
242 0 1 |a Modeling the propagation of electrical activity in cardiac tissue  |y eng 
245 1 0 |a Modelovanie šírenia elektrickej aktivity v srdcovom tkanive 
260 |c 2018 
300 |a 61 s.,  |b DVD 
650 4 |a Comsol Multiphysics  |2 eng 
650 4 |a model of cardiac tissue  |2 eng 
650 4 |a diffusivity  |2 eng 
650 4 |a Fitzhugh-Nagumov model  |2 eng 
650 4 |a action potential  |2 eng 
650 4 |a Comsol Multiphysics  |2 slo 
650 4 |a akčný potenciál  |2 slo 
650 4 |a Fitzhugh-Nagumov model  |2 slo 
650 4 |a difuzivita  |2 slo 
650 4 |a model srdcového tkaniva  |2 slo 
700 1 |a Cocherová, Elena  |u 033000  |k Z1  |4 ths  |U FEI Fakulta elektrotechniky a informatiky  |T FEI Ústav elektroniky a fotoniky  |X 1900  |U E030  |Y 549  |7 A000001900 
856 4 |u http://is.stuba.sk/zp/portal_zp.pl?podrobnosti=117692 
996 |b 284ER02593  |c E*Bc- 2593  |l EE33  |s P  |a 0  |w stuzp62475_0001